En busca del tesoro / Pamela Walls, (Registro nro. 47409)
[ vista simple ]
| 000 -LÍDER | |
|---|---|
| Campo fijo de descripción fija | 004900000a22002050004500 |
| 001 - NÚMERO DE CONTROL | |
| Campo de control | 151 |
| 003 - IDENTIFICADOR DEL NÚMERO DE CONTROL | |
| Campo de control | CO-MdFUSB |
| 005 - FECHA Y HORA DE LA ULTIMA TRANSACCIÓN | |
| control field | 20171018145246.0 |
| 008 - ELEMENTOS DE LONGITUD FIJA -- INFORMACIÓN GENERAL | |
| Campo fijo de descripción fija -- Información general | 171018b xxu||||| |||| 00| 0 eng d |
| 020 ## - NÚMERO INTERNACIONAL NORMALIZADO PARA LIBROS | |
| Número Internacional Normalizado del libro | 0-7899-0968-5 |
| 040 ## - FUENTE DE CATALOGACIÓN | |
| Agencia que realiza la transcripción | CO-MdBIC |
| 082 04 - NÚMERO DE CLASIFICACIÓN DECIMAL DEWEY | |
| Número de clasificación | 863N W159ab |
| 100 1# - ASIENTO PRINCIPAL--NOMBRE PERSONAL | |
| Nombre personal | Walls, Pamela |
| 245 10 - TÍTULO | |
| Título del Material | En busca del tesoro / Pamela Walls, |
| 260 ## - PUBLICACIÓN, DISTRIBUCIÓN, ETC. (PIE DE IMPRENTA) | |
| Lugar de publicación, distribución, etc. | Miami : Unilit |
| 300 ## - DESCRIPCIÓN FÍSICA | |
| Extensión | 222 P. |
| 500 ## - NOTA GENERAL | |
| Nota General | Categoria : Adolescente |
| 650 14 - ASIENTO SECUNDARIO DE MATERIA - TERMINO TEMÁTICO | |
| Término temático o nombre geográfico como elemento de entrada | Literatura Infantil |
| 942 ## - TIPO DE MATERIAL (KOHA) | |
| Tipo de Item KOHA | Z- Libro General BINCO |
| Estado de Material | Estado de Perdido | Forma de Clasificación | Volumen-Parte/Tomo | Estado de Dañado | No para Préstamo | Tomo | Biblioteca de Origen | Biblioteca Permanente | Fecha de Adquisición | Total de Préstamos | Signatura Topográfica | Código de Barras | Última vez visto | Última vez Préstado | Ejemplar/Existencia | Fecha de Remplazo | Tipo de Material |
|---|---|---|---|---|---|---|---|---|---|---|---|---|---|---|---|---|---|
| Dewey Decimal Classification | Biblioteca Infantil Comunitaria BINCO | Biblioteca Infantil Comunitaria BINCO | 14/02/2006 | 1 | 863N W159ab | B30665 | 21/09/2017 | 08/08/2017 | 1 | 26/01/2016 | Z- Libro General BINCO |
